000 00689nam a2200289Ia 4500
005 20260324130947.0
008 008 260324s9999 xx 000 0 eng d
020 _a9780203945506
037 _aEBOOK
040 _aCRL
040 _beng
040 _cCRL
041 _2eng
041 _aeng
084 _qCRL
100 _aPaul Basu
_9874518
245 0 _aHighland Homecomings
245 0 _bGenealogy and Heritage Tourism in the Scottish Diaspora
260 _bTaylor and Francis
260 _c2007
365 _a
365 _b230
856 _uhttp://www.taylorfrancis.com/books/9780203945506
942 _cEBOOK
999 _c1780431
_d1780431